Proyectos de ley referentes al ramo de aduanas, presentados a las Cortes por el Ministro de Hacienda Sr. Marqués de Pozo Rubio [Raimundo Fernández Villaverde] el día 17 de junio de 1899. (Record no. 53975)

MARC details
000 -LEADER
campo de control de longitud fija 00686nam a2200181 i 4500
001 - NÚMERO DE CONTROL
campo de control 53975
003 - IDENTIFICADOR DE NÚMERO DE CONTROL
campo de control ES-MaACL
005 - FECHA Y HORA DE LA ÚLTIMA TRANSACCIÓN
campo de control 20250907063043.0
007 - CAMPO FIJO DE DESCRIPCIÓN FÍSICA--INFORMACIÓN GENERAL
campo de control de longitud fija t|
008 - DATOS DE LONGITUD FIJA--INFORMACIÓN GENERAL
campo de control de longitud fija 031119s1899 sp ||||1| spa d
100 1# - ENTRADA PRINCIPAL--NOMBRE DE PERSONA
Nombre de persona Fernández Villaverde, Raimundo,
Fechas asociadas al nombre 1848-1905
9 (RLIN) 50163
245 10 - MENCIÓN DEL TÍTULO
Título Proyectos de ley referentes al ramo de aduanas, presentados a las Cortes por el Ministro de Hacienda Sr. Marqués de Pozo Rubio [Raimundo Fernández Villaverde] el día 17 de junio de 1899.
260 ## - PUBLICACIÓN, DISTRIBUCIÓN, ETC.
Lugar de publicación, distribución, etc. Madrid :
Nombre del editor, distribuidor, etc. [s.n.],
Fecha de publicación, distribución, etc. 1899 (
Fabricante Sucesores de Rivadeneyra)
300 ## - DESCRIPCIÓN FÍSICA
Extensión 55 p. ;
Dimensiones 27 cm.
852 ## - LOCALIZACIÓN
Ubicación ES-MaACL
Número de control de estantería T-1278-F-4
942 ## - ELEMENTOS DE ENTRADA SECUNDARIOS (KOHA)
Fuente del sistema de clasificación o colocación Clasificación decimal universal
Holdings
Estatus retirado Estado de pérdida Estado de daño No para préstamo Colección Biblioteca de origen Biblioteca actual Ubicación en estantería Fecha de adquisición Fuente de adquisición Total de préstamos Signatura topográfica completa Código de barras Visto por última vez Precio de reemplazo Tipo de ítem Koha
        Colección de folletos Biblioteca del Ateneo de Madrid Biblioteca del Ateneo de Madrid Depósito folletos 17/01/2008     T-1278-F-4 1056726 23/02/2023 23/02/2023 Folleto